000 00547nam a2200193Ia 4500
999 _c34550
_d34550
003 OSt
005 20200824120025.0
008 190216s9999||||xx |||||||||||||| ||und||
020 _a9788122422818
040 _coclc
082 _a530
_bPIL/M
100 _aPillai, S O
_94294
245 0 _aModern Physics And Solid State Physics /
_cS O Pillai
250 _a4th Ed.
260 _bNew Age International Publishers,
_c2008.
_aNew Delhi:
300 _a557p
650 _aPhysics
942 _cBK
_2ddc
_h530
_iPIL/M
_k530
_mPIL/M